Vaḷarum Tamilakam. (Record no. 77534)

MARC details
000 -LEADER
fixed length control field 00639cam a22002411 4500
001 - CONTROL NUMBER
control field sa 68000902
003 - CONTROL NUMBER IDENTIFIER
control field DLC
005 - DATE AND TIME OF LATEST TRANSACTION
control field 20260227112428.0
008 - FIXED-LENGTH DATA ELEMENTS--GENERAL INFORMATION
fixed length control field 890420s1964 xx 000 0 tamo
010 ## - LIBRARY OF CONGRESS CONTROL NUMBER
LC control number sa 68000902
035 ## - SYSTEM CONTROL NUMBER
System control number (OCoLC)23546542
040 ## - CATALOGING SOURCE
Original cataloging agency DLC
Transcribing agency MiU
Modifying agency DLC
043 ## - GEOGRAPHIC AREA CODE
Geographic area code a-ii---
050 00 - LIBRARY OF CONGRESS CALL NUMBER
Classification number HC437.M3
Item number B45
100 1# - MAIN ENTRY--PERSONAL NAME
Personal name Paktavatcalam, Em.,
Dates associated with a name 1897-1987.
245 10 - TITLE STATEMENT
Title Vaḷarum Tamilakam.
260 ## - PUBLICATION, DISTRIBUTION, ETC.
Date of publication, distribution, etc. [1964]
300 ## - PHYSICAL DESCRIPTION
Extent 184 p.
Dimensions 18 cm.
500 ## - GENERAL NOTE
General note Romanized.
651 #0 - SUBJECT ADDED ENTRY--GEOGRAPHIC NAME
Geographic name Tamil Nadu (India)
General subdivision Economic conditions.
651 #0 - SUBJECT ADDED ENTRY--GEOGRAPHIC NAME
Geographic name Tamil Nadu (India)
General subdivision Economic policy.
700 1# - ADDED ENTRY--PERSONAL NAME
Personal name Namasivayam, M.,
Relator term comp.

No items available.

Powered by Koha